デルトラ・クエスト タイトル - Statistics

General Stats
  • This quiz has been taken 15 times
  • The average score is 9 of 15
Answer Stats
Answer % Correct
沈黙の森
90%
嘆きの湖
90%
帰還
80%
ネズミの街
70%
うごめく砂
70%
魔物の洞窟
70%
最後の歌姫
70%
恐怖の山
60%
いましめの谷
50%
影の王国
50%
竜の巣
50%
幻想の島
40%
影の門
40%
死の島
40%
秘密の海
30%
No matching quizzes found
Score Distribution
Percent of People with Each Score
Percentile by Number Answered
Your Score History
You have not taken this quiz